000 00657nam a2200229 i 4500
001 bg
245 0 0 _aLarge scale urban developments /
_ced. by Piotr Lorens.
260 _aGdańsk :
_bWydaw. Politechniki Gdańskiej,
_c2001.
300 _a258 s. :
_bil. ;
_c24 cm.
650 9 _aPlanowanie przestrzenne
_xzagadnienia
650 9 _aUrbanistyka
_xzagadnienia
650 9 _aMiasta
_xgospodarka
651 9 _aGdańsk
_xplanowanie przestrzenne
700 1 _aLORENS, Piotr
020 _a8388007963
040 _cBPK
041 0 _aen
080 _a711.4/.8(100+438)
920 _a83-88007-96-3
942 _cKS
008 s pl f |000 0 pol
999 _c42073
_d42073
856 _uhttp://koha.tu.koszalin.pl/cgi-bin/koha/opac-detail.pl?biblionumber=42073
_yKatalog online BPK